000
00237nam a2200109Ia 4500
082
_a
610.7367
_b
M07W
100
_a
W.H.O.
245
_a
MANAGING NEWBORN PROBLEMS
260
_b
A.I.T.B.S
_c
2007
650
_a
NEWBORN PROBLEM
942
_2
ddc
_c
BK
999
_c
6811
_d
6811